Hand book of research methodology / (Record no. 5000)
[ view plain ]
| 000 -LEADER | |
|---|---|
| fixed length control field | 00547 a2200181 4500 |
| 010 ## - LCCN (DPL NO) | |
| LC control number | ENG-86610 |
| 020 ## - INTERNATIONAL STANDARD BOOK NUMBER | |
| International Standard Book Number | 8190396102 |
| Terms of availability | 795.00 |
| 035 ## - SYSTEM CONTROL NUMBER | |
| System control number | EN-70142 |
| 037 ## - SOURCE OF ACQUISITION | |
| Source of stock number/acquisition | DBAD / PUB |
| 082 14 - DEWEY DECIMAL CLASSIFICATION NUMBER | |
| Classification number | 001.42 |
| 100 ## - MAIN ENTRY--PERSONAL NAME | |
| Personal name | Khanna, J.K. |
| 245 1# - TITLE STATEMENT | |
| Title | Hand book of research methodology / |
| Statement of responsibility, etc | by J.K. Khanna [and] S. Khurana |
| 260 ## - PUBLICATION, DISTRIBUTION, ETC. (IMPRINT) | |
| Place of publication, distribution, etc | Agra |
| Name of publisher, distributor, etc | Y.K. Publishers |
| Date of publication, distribution, etc | 2007 |
| 270 ## - ADDRESS | |
| Address | Block-77, Sanjay Place, |
| City | Agra |
| Postal code | 282 002 |
| State or province | U. P. |
| Telephone number | 0562-2853506 |
| 300 ## - PHYSICAL DESCRIPTION | |
| Extent | 384p |
| Dimensions | 22cm (Hb) |
| 700 ## - ADDED ENTRY--PERSONAL NAME | |
| Personal name | Khurana, S. |
| 942 ## - ADDED ENTRY ELEMENTS (KOHA) | |
| Institution code [OBSOLETE] | dpl |
| Item type | English Books |
| Source of classification or shelving scheme | Dewey Decimal Classification |
| Classification part | 001.42 |
| Call number suffix | KHA |
| Withdrawn status | Lost status | Not for loan | Collection code | Home library | Current library | Source of acquisition | Cost, normal purchase price | Full call number | Barcode | Copy number | Cost, replacement price | Koha item type |
|---|---|---|---|---|---|---|---|---|---|---|---|---|
| Not For Loan | Non-fiction | D.B.Act.Division | D.B.Act.Division | DBAD/PUB | 795.00 | 001.42 KHA | EN-70143 | 1 | 795.00 | English Books |
